| 000 | 00654nam a2200253Ia 4500 | ||
|---|---|---|---|
| 003 | OSt | ||
| 005 | 20221005091251.0 | ||
| 006 | a|||||r|||| 00| 0 | ||
| 007 | ta | ||
| 008 | 221004b |||||||| |||| 00| 0 eng d | ||
| 020 | _a0312216378 | ||
| 024 | _a35610 | ||
| 037 | _cTextual | ||
| 040 |
_aCRL _cCRL _beng |
||
| 041 |
_2eng _aeng |
||
| 082 | _aQ7:4.2, P1 | ||
| 100 |
_aPinault David _937000 |
||
| 245 | 0 | _aHorse of Karbala Muslim devotional life in India | |
| 260 |
_aNew York _bPalgrave _c2001 |
||
| 300 |
_a257p. _ccm. |
||
| 650 | _aRELIGION | ||
| 942 |
_hQ7:4.2, P1 _cTEXL _2cc |
||
| 999 |
_c997037 _d997037 |
||